| 000 -LEADER |
| fixed length control field |
00458pab a2200145 454500 |
| 008 - FIXED-LENGTH DATA ELEMENTS--GENERAL INFORMATION |
| fixed length control field |
180718b xxu||||| |||| 00| 0 eng d |
| 100 ## - MAIN ENTRY--PERSONAL NAME |
| Personal name |
Hince, Kevin |
| 245 ## - TITLE STATEMENT |
| Title |
A controversial reform of New Zealand labour law: the Employment contracts Act 1991 |
| 650 ## - SUBJECT ADDED ENTRY--TOPICAL TERM |
| Topical term or geographic name entry element |
Employment Contracts Act 1991 |
| 650 ## - SUBJECT ADDED ENTRY--TOPICAL TERM |
| Topical term or geographic name entry element |
Labour Law - Newzealand |
| 650 ## - SUBJECT ADDED ENTRY--TOPICAL TERM |
| Topical term or geographic name entry element |
Labour - Legislation - New Zealand |
| 700 ## - ADDED ENTRY--PERSONAL NAME |
| Personal name |
Vranken |
| 773 ## - HOST ITEM ENTRY |
| Main entry heading |
International Labour Review |
| 909 ## - |
| -- |
2699 |